Sahitya vimarshe mattu vasahatottara chintane (Record no. 122866)
[ view plain ]
| 000 -LEADER | |
|---|---|
| fixed length control field | 01783nam a2200289Ia 4500 |
| 003 - CONTROL NUMBER IDENTIFIER | |
| control field | OSt |
| 005 - DATE AND TIME OF LATEST TRANSACTION | |
| control field | 20260703092743.0 |
| 008 - FIXED-LENGTH DATA ELEMENTS--GENERAL INFORMATION | |
| fixed length control field | 210210b2016 xxu||||| |||| 00| 0 eng d |
| 040 ## - CATALOGING SOURCE | |
| Transcribing agency | AL |
| 041 ## - LANGUAGE CODE | |
| Language code of text/sound track or separate title | Kannada |
| 082 ## - DEWEY DECIMAL CLASSIFICATION NUMBER | |
| Classification number | K894.9 RAMS |
| 100 ## - MAIN ENTRY--PERSONAL NAME | |
| Personal name | Ramachandran C N |
| 9 (RLIN) | 245536 |
| 110 ## - MAIN ENTRY--CORPORATE NAME | |
| Corporate name or jurisdiction name as entry element | ರಾಮಚಂದ್ರನ್ ಸಿ ಎನ್ |
| 9 (RLIN) | 266185 |
| 245 ## - TITLE STATEMENT | |
| Title | Sahitya vimarshe mattu vasahatottara chintane |
| Remainder of title | : ಸಾಹಿತ್ಯ ವಿಮರ್ಶೆ ಮತ್ತು ವಸಾಹತೋತ್ತರ ಚಿಂತನೆ |
| 260 ## - PUBLICATION, DISTRIBUTION, ETC. | |
| Place of publication, distribution, etc. | Bengaluru |
| Name of publisher, distributor, etc. | Ankita Pustaka |
| Date of publication, distribution, etc. | 2016 |
| 300 ## - PHYSICAL DESCRIPTION | |
| Extent | 335p |
| Other physical details | PB |
| Dimensions | 21.5x14cm |
| 365 ## - TRADE PRICE | |
| Source of price type code | Kannada |
| Price type code | BLCR-000157 |
| Price amount | ₹250.00 |
| Currency code | ₹ |
| Price effective from | 01-12-2018 |
| 520 ## - SUMMARY, ETC. | |
| Summary, etc. | "ಶ್ರೇಷ್ಠ ವಿಮರ್ಶೆಯ ಪರಂಪರೆ ಇರುವ ಕನ್ನಡದಲ್ಲಿ, ವಿಮರ್ಶೆಯ ತತ್ವ ಮತ್ತು ಸಿದ್ಧಾಂತಗಳಿಗೆ ಸಂಬಂಧಿಸಿದ ಗ್ರಂಥಗಳು ವಿರಳವೆಂದೇ ಹೇಳಬೇಕು. ಹೀಗಾಗಿ ಕನ್ನಡ ವಿಮರ್ಶೆಯ ಪ್ರಪಂಚದಲ್ಲಿ ಸಾಕಷ್ಟು ಕೃಷಿ ಮಾಡಿರುವ ಡಾ. ಸಿ.ಎನ್. ರಾಮಚಂದ್ರನ್ ಬರೆದಿರುವ ವಿಮರ್ಶೆಯ ತತ್ವ ಮತ್ತು ಆಧುನಿಕ ವಿಮರ್ಶಾ ಪ್ರಸ್ಥಾನಗಳಿಗೆ ಸಂಬಂಧಿಸಿದ ಈ ಅಮೂಲ್ಯ ಗ್ರಂಥವು ತುಂಬ ಪ್ರಸ್ತುತವಾಗಿದೆ."-ಡಾ. ಜಿ.ಎಂ. ಹೆಗಡೆ. |
| 650 ## - SUBJECT ADDED ENTRY--TOPICAL TERM | |
| Topical term or geographic name entry element | vimarshe |
| 9 (RLIN) | 245537 |
| 650 ## - SUBJECT ADDED ENTRY--TOPICAL TERM | |
| Topical term or geographic name entry element | vasahatottara |
| 9 (RLIN) | 245538 |
| 650 ## - SUBJECT ADDED ENTRY--TOPICAL TERM | |
| Topical term or geographic name entry element | Sahitya |
| 9 (RLIN) | 245539 |
| 650 ## - SUBJECT ADDED ENTRY--TOPICAL TERM | |
| Topical term or geographic name entry element | mattu |
| 9 (RLIN) | 245540 |
| 650 ## - SUBJECT ADDED ENTRY--TOPICAL TERM | |
| Topical term or geographic name entry element | chintane |
| 9 (RLIN) | 245541 |
| 690 ## - LOCAL SUBJECT ADDED ENTRY--TOPICAL TERM (OCLC, RLIN) | |
| Topical term or geographic name as entry element | Kannada Criticism |
| 9 (RLIN) | 245542 |
| 906 ## - LOCAL DATA ELEMENT F, LDF (RLIN) | |
| a | 073087 |
| 942 ## - ADDED ENTRY ELEMENTS (KOHA) | |
| Source of classification or shelving scheme | Dewey Decimal Classification |
| Koha item type | Book |
| Withdrawn status | Lost status | Source of classification or shelving scheme | Damaged status | Not for loan | Collection code | Home library | Current library | Shelving location | Date acquired | Source of acquisition | Cost, normal purchase price | Total Checkouts | Full call number | Barcode | Date last seen | Date last checked out | Price effective from | Koha item type | Cost, replacement price |
|---|---|---|---|---|---|---|---|---|---|---|---|---|---|---|---|---|---|---|---|
| Dewey Decimal Classification | Kannada | St Aloysius Library | St Aloysius Library | 02/17/2021 | Navakarnataka Publication Pvt Ltd., Mangalore | 250.00 | 1 | K894.9 RAMS | 073087 | 12/10/2025 | 12/03/2025 | 02/17/2021 | Book | ||||||
| Dewey Decimal Classification | Kannada | St Aloysius Library | St Aloysius Library | Stack Section | 05/19/2026 | Navakarnataka Publications Pvt. Ltd. Mangaluru-575001 | 200.00 | K894.9 RAMS | 078189 | 07/03/2026 | 05/11/2026 | Book | 250.00 | ||||||
| Dewey Decimal Classification | Kannada | St Aloysius Library | St Aloysius Library | Stack Section | 05/19/2026 | Navakarnataka Publications Pvt. Ltd. Mangaluru-575001 | 200.00 | K894.9 RAMS | 078190 | 07/03/2026 | 05/11/2026 | Book | 250.00 | ||||||
| Dewey Decimal Classification | Kannada | St Aloysius Library | St Aloysius Library | Stack Section | 05/19/2026 | Navakarnataka Publications Pvt. Ltd. Mangaluru-575001 | 200.00 | K894.9 RAMS | 078191 | 07/03/2026 | 05/11/2026 | Book | 250.00 |